| 000 | 00478cam a2200181ua 4500 | ||
|---|---|---|---|
| 001 | 6379 | ||
| 005 | 20260515114037.0 | ||
| 008 | 131205n ii |||gr||||Z||||||eng | ||
| 040 | _cMAIN | ||
| 082 | _a658.15 | ||
| 245 | 1 | 1 |
_aElements of financial management _cBy Pradeep Kumar |
| 260 |
_aMeerut: _bKedar nath Ram nath & Co., _c1985. |
||
| 300 | _ax,473p. | ||
| 653 | _aCommerce | ||
| 653 | _aElements of financial management | ||
| 700 | 1 |
_aKumar,Pradeep., _eAuthor. |
|
| 942 | _cBK | ||
| 999 |
_c5525 _d5525 |
||